000 00761cam a2200193 i 4500
005 20251204120239.0
008 250721s9999 le gr 000 0 ara d
020 _a995327052X
082 1 4 _a214.5
_bس ي و
100 1 _aالسيوطي، جلال الدين عبد الرحمن
_eمؤلف.
245 1 0 _aشرح الصدور بشرح حال الموتى والقبور /
_cجلال الدين عبد الرحمن السيوطي ؛ قدم له وفهرسه زهير شفيق الكبي.
264 3 1 _aبيروت :
_bدار الكتاب العربي،
_c2005.
300 _a350 صفحة.
650 1 7 _aالعقيدة الدينية.
650 1 7 _aالموت.
650 1 7 _aالحياة الآخرة.
942 _2ddc
_cBK
999 _c98172
_d98172